| 000 | 00407nam a2200181Ia 4500 | ||
|---|---|---|---|
| 005 | 20250603145819.0 | ||
| 008 | 250603s9999 xx 000 0 und d | ||
| 020 | _a9781957183022 | ||
| 050 | _aNA 9090 .D38/ | ||
| 100 | _aDennis, Michael | ||
| 245 | 0 | _aTemples & Towns | |
| 260 | _aCalifornia | ||
| 260 | _bORO Editions | ||
| 260 | _c2023 | ||
| 300 | _a292 p | ||
| 650 | _aCalifornia | ||
| 942 | _cBK | ||
| 999 |
_c42935 _d42935 |
||